NFL Football Last Names - Statistics

General Stats
  • This quiz has been taken 171,019 times
    111,443 since last reset
  • The average score is 16 of 22
Answer Stats
First Names Last Name % Correct
Eli, Peyton, Archie Manning
99%
Barry, Deion, Bob Sanders
93%
J.J., T.J., Derek Watt
92%
Emmitt, Bruce, Rod Smith
89%
Calvin, Andre, Keyshawn Johnson
87%
Jerry, Ray, Sidney Rice
87%
Randy, Santana Moss
84%
Bo, Fred, DeSean Jackson
83%
Joey, Nick Bosa
82%
Lawrence, Ike, Jason Taylor
73%
Shannon, Sterling Sharpe
72%
Reggie, Roddy White
70%
Steve, Vince, Bryant Young
69%
Pacman, Too Tall, Walter Jones
68%
Ronde, Tiki, Marion Barber
65%
Terrell, Vernon, Vontae Davis
65%
Andre, Ed Reed
65%
Doak, Herschel Walker
64%
Champ, Boss Bailey
63%
Charles, Rod Woodson
59%
Al, Franco Harris
57%
AJ, Darrell, Ahman Green
50%
No matching quizzes found
Score Distribution
Percent of People with Each Score
Percentile by Number Answered
Your Score History
You have not taken this quiz since the last reset